书目信息 |
| 题名: |
朝鲜战争的文化解读
|
|
| 作者: | 李元江 著 | |
| 分册: | ||
| 出版信息: | 北京 中国文联出版社 2016 |
|
| 页数: | 198页 | |
| 开本: | 24cm | |
| 丛书名: | ||
| 单 册: | ||
| 中图分类: | K312.52 | |
| 科图分类: | ||
| 主题词: | 朝鲜战争(1950-1953)--史料 | |
| 电子资源: | ||
| ISBN: | 978-7-5190-0149-0 | |
| 000 | 00793nam0 2200229 450 | |
| 001 | 012001005253 | |
| 005 | 20141008111407.0 | |
| 010 | @a978-7-5190-0149-0@dCNY39.00 | |
| 100 | @a20160109d2016 kemy0chiy50 ea | |
| 101 | 0 | @achi |
| 102 | @aCN@b110000 | |
| 105 | @ay v 000yy | |
| 106 | @ar | |
| 200 | 1 | @a朝鲜战争的文化解读@9chao xian zhan zheng de wen hua jie du@f李元江著 |
| 210 | @a北京@c中国文联出版社@d2016 | |
| 215 | @a198页@d24cm | |
| 330 | @a本书通过详实的史料、大量的回忆录以及解密文档,对朝鲜战争爆发的原因、中国出兵朝鲜、美国参战的情况以及在朝鲜战争期间各大国之间的关系做了深入的研究。 | |
| 606 | 0 | @a朝鲜战争(1950-1953)@j史料 |
| 690 | @aK312.52@v5 | |
| 701 | 0 | @a李元江@9li yuan jiang@f(1957-)@4著 |
| 801 | 0 | @aCN@b上海新华@c20180901 |
| 905 | @b1173319-22@dK312.52@e14@f4 | |
| 朝鲜战争的文化解读/李元江著.-北京:中国文联出版社,2016 |
| 198页;24cm |
| ISBN 978-7-5190-0149-0:CNY39.00 |
| 本书通过详实的史料、大量的回忆录以及解密文档,对朝鲜战争爆发的原因、中国出兵朝鲜、美国参战的情况以及在朝鲜战争期间各大国之间的关系做了深入的研究。 |
| ● |
| 相关链接 |
|
|
|
|
正题名:朝鲜战争的文化解读
索取号:K312.52/14
 
预约/预借
| 序号 | 登录号 | 条形码 | 馆藏地/架位号 | 状态 | 备注 |
| 1 | 1173319 | 211733196 | 第二样本阅览室/ [索取号:K312.52/14] | 在馆 | |
| 2 | 1173320 | 211733203 | 第二借阅区/ [索取号:K312.52/14] | 在馆 | |
| 3 | 1173321 | 211733212 | 密集书库-史法系/ [索取号:K312.52/14] | 在馆 | |
| 4 | 1173322 | 211733221 | 第二借阅区/ [索取号:K312.52/14] | 在馆 |